Reproductive health rights in relation to contarceptives/ (Record no. 4277)

000 -LEADER
fixed length control field 00405nam a22001457a 4500
003 - CONTROL NUMBER IDENTIFIER
control field OSt
005 - DATE AND TIME OF LATEST TRANSACTION
control field 20210713103029.0
008 - FIXED-LENGTH DATA ELEMENTS--GENERAL INFORMATION
fixed length control field 210713b xxu||||| |||| 00| 0 eng d
050 ## - LIBRARY OF CONGRESS CALL NUMBER
Classification number RUSC KSK1482.K338 2019
100 ## - MAIN ENTRY--PERSONAL NAME
Personal name Kabura, S. Waciuru
245 ## - TITLE STATEMENT
Title Reproductive health rights in relation to contarceptives/
Statement of responsibility, etc Waciuri Sylvia Kabura
260 ## - PUBLICATION, DISTRIBUTION, ETC. (IMPRINT)
Place of publication, distribution, etc Nairobi
Date of publication, distribution, etc 2019
300 ## - PHYSICAL DESCRIPTION
Extent v, 52p:
942 ## - ADDED ENTRY ELEMENTS (KOHA)
Source of classification or shelving scheme
Koha item type Research Project
Holdings
Withdrawn status Lost status Source of classification or shelving scheme Damaged status Not for loan Home library Current library Shelving location Date acquired Total Checkouts Full call number Barcode Date last seen Price effective from Koha item type
          Riara University Library Riara University Library Special Collection 13/07/2021   RUSC KSK1482.K338 2019 10499/21 13/07/2021 13/07/2021 Research Project

Riara University Library,
P.O. Box 49940-00100,
Nairobi, Kenya.